Morphology of Indian cities (Record no. 408422)

000 -LEADER
fixed length control field 00425cam a22001337a 4500
008 - FIXED-LENGTH DATA ELEMENTS--GENERAL INFORMATION
fixed length control field 180718b1971 xxu||||| |||| 00| 0 eng d
082 ## - DEWEY DECIMAL CLASSIFICATION NUMBER
Classification number B131x54 T154
100 ## - MAIN ENTRY--PERSONAL NAME
Personal name Taneja, Kusum Lata
245 ## - TITLE STATEMENT
Title Morphology of Indian cities
Statement of responsibility, etc. by Kusum Lata Taneja; edited by R.L. Singh
260 ## - PUBLICATION, DISTRIBUTION, ETC.
Place of publication, distribution, etc. Varanasi
Name of publisher, distributor, etc. Silver Jubilee Publication
Date of publication, distribution, etc. 1971
300 ## - PHYSICAL DESCRIPTION
Extent xv, 169p
650 ## - SUBJECT ADDED ENTRY--TOPICAL TERM
Topical term or geographic name entry element Cities and towns - India - History.
700 ## - ADDED ENTRY--PERSONAL NAME
Personal name Singh, R.L.
Holdings
Withdrawn status Lost status Damaged status Not for loan Permanent Location Current Location Date acquired Full call number Barcode Date last seen Price effective from Koha item type
        Indian Institute of Public Administration Indian Institute of Public Administration 2008-12-19 B131x54 T154 DA4132 2018-07-21 2018-07-21 DA

Powered by Koha